[Event "Troisdorf op"]
[Site "Troisdorf"]
[Date "2012.11.13"]
[Round "4"]
[White "Moews, Thomas"]
[Black "Guenther, Ralf"]
[Result "1-0"]
[WhiteElo "1867"]
[BlackElo "1419"]
[PlyCount "71"]
[EventDate "2012.10.23"]
[EventType "swiss"]
[EventRounds "7"]
[EventCountry "GER"]
[SourceTitle "EXT 2014"]
[Source "ChessBase"]
[SourceDate "2013.11.20"]
[SourceVersion "1"]
[SourceVersionDate "2013.11.20"]
[SourceQuality "1"]

1. e4 e6 2. d4 c5 3. d5 d6 4. c4 exd5 5. Qxd5 Nf6 6. Qd3 g6 7. Nc3 Bg7 8. Bf4 0-0 9. Qxd6 Qxd6 10. Bxd6 Re8 11. f3 b6 12. 0-0-0 Bb7 13. Nb5 Na6 14. Ne2 Nxe4 15. fxe4 Rxe4 16. Nec3 Bh6+ 17. Kb1 Re3 18. Nd5 Bxd5 19. cxd5 Nb4 20. Nc3 Rae8 21. Bb5 Ra8 22. Rhe1 a6 23. Rxe3 Bxe3 24. Be2 Rd8 25. Be7 Rd7 26. d6 Bd4 27. Bg4 f5 28. Bf3 g5 29. Nd5 g4 30. Nxb4 gxf3 31. gxf3 Kf7 32. Nc6 Bf6 33. Bxf6 Kxf6 34. Nb8 Rd8 35. d7 Ke7 36. Nc6+ 1-0

[Event "Troisdorf op"]
[Site "Troisdorf"]
[Date "2012.10.28"]
[Round "2"]
[White "Pelz, Andreas"]
[Black "Guenther, Ralf"]
[Result "1/2-1/2"]
[WhiteElo "1580"]
[BlackElo "1419"]
[PlyCount "90"]
[EventDate "2012.10.23"]
[EventType "swiss"]
[EventRounds "7"]
[EventCountry "GER"]
[SourceTitle "EXT 2014"]
[Source "ChessBase"]
[SourceDate "2013.11.20"]
[SourceVersion "1"]
[SourceVersionDate "2013.11.20"]
[SourceQuality "1"]

1. e4 e6 2. d4 d5 3. exd5 exd5 4. Be3 Nf6 5. Nc3 c6 6. Bd3 Bd6 7. Bg5 h6 8. Be3 Ng4 9. h3 Nxe3 10. fxe3 Qh4+ 11. Kd2 Qg3 12. Qf3 Nd7 13. Qxg3 Bxg3 14. Nf3 Nf6 15. Rhf1 0-0 16. Ne2 Bd6 17. c3 b5 18. b4 Re8 19. Rae1 a5 20. bxa5 Rxa5 21. Ra1 Ne4+ 22. Bxe4 dxe4 23. Ne1 Be6 24. Nc1 b4 25. Nc2 bxc3+ 26. Kxc3 Rb8 27. Nb3 Rab5 28. Rfb1 c5 29. dxc5 Bxb3 30. cxd6 Rc5+ 31. Kd4 Rc4+ 32. Ke5 Re8+ 33. Kd5 Rxc2+ 34. axb3 Rd2+ 35. Kc6 Rd8 36. Kb7 R2xd6 37. Rc1 Rd3 38. Rab1 Rxe3 39. Rb2 f5 40. b4 f4 41. Rf1 g5 42. b5 Rc3 43. b6 Rd5 44. Ra1 e3 45. Raa2 Rcd3 1/2-1/2